000 00328nam a22001337a 4500
008 170911b xxu||||| |||| 00| 0 eng d
020 _a9781559342193
041 _aeng
080 _22ND
_a53
100 _a43
101 _aFIZ
245 _aINTRODUCTION TO PHYSICAL EDUCATION, FITNESS AND SPORT
_cSIEDENTOP,D
942 _2udc
_cBK
999 _c27124
_d27124